000 02952cam a2200469 4500500
005 20260405003946.0
041 _afre
042 _adc
100 1 0 _aCouteron, Jean-Pierre
_eauthor
700 1 0 _aLongbottom, Susie
_eauthor
245 0 0 _aLes nouvelles communautés thérapeutiques
260 _c2026.
500 _a56
520 _aL’article mets en lumière les évolutions au sein des CT depuis leur relance dans le cadre du plan quinquennal piloté par Didier Jayle (2005-2011). Cette relance a permis de repenser le modèle des CT en l’intégrant aux avancées de l’addictologie, notamment la réduction des risques (RdR), et en rompant avec les dérives autoritaires et sectaires du passè. Les nouvelles CT placent le groupe au cœur du processus thérapeutique, conçu comme espace d’expérimentation relationnelle, de confrontation bienveillante et d’entraide. Elles valorisent les savoirs expérientiels, la pair-aidance, le counseling et l’approche du rétablissement. Le pouvoir y est davantage partagé entre professionnels et résidents, dans une logique collaborative favorisant l’autodétermination et l’empowerment.
520 _aThis article highlights the evolutions within the TC model since their comeback as part of the five year plan initiated by Didier Jayle. (2005 – 2011) This revival made it possible to rethink the TC model by integrating advances in addiction treatment, particularly in harm reduction by breaking away from the authoritarian and sectarian approach of the past (e.g. Le Patriarche). This new wave of CTs place the group at the heart of the therapeutic process, designed as a space for experimenting different relationships, benevolent confrontation and self-help. These programs value experiential knowledge, peer support, counseling and a recovery approach. Power and decision making are shared between professionals and residents, in a collaborative approach that promotes self-determination and empowerment.
690 _aabstinence
690 _aaddictologie
690 _acommunautés thérapeutiques
690 _aconfrontation
690 _acounseling
690 _aempowerment
690 _aenvironnement thérapeutique
690 _apair-aidance
690 _aréduction des risques
690 _arétablissement
690 _asavoir expérientiel
690 _asoin résidentiel
690 _aabstinence
690 _aaddiction studies
690 _aconfrontation
690 _acounseling
690 _aempowerment
690 _aexperiential knowledge
690 _aharm reduction
690 _apeer support
690 _arecovery
690 _aresidential care
690 _atherapeutic communities
690 _atherapeutic environment
786 0 _nPsychotropes | 32 | 1-2 | 2026-03-16 | p. 159-173 | 1245-2092
856 4 1 _uhttps://shs.cairn.info/revue-psychotropes-2026-1-2-page-159?lang=fr&redirect-ssocas=7080
999 _c2072439
_d2072439